[Event "Vaujany 2023 Principal"]
[Site "Vaujany"]
[Date "2023.07.17"]
[Round "5.6"]
[White "Olivier, Jean-Christophe"]
[Black "Pavee, Louis"]
[Result "1-0"]
[WhiteElo "2304"]
[BlackElo "1950"]
[PlyCount "89"]
[EventDate "2023.07.13"]
[EventType "swiss"]
[EventRounds "9"]
[EventCountry "FRA"]
[SourceVersionDate "2023.07.13"]

{[%evp 0,89,28,20,41,16,38,19,18,43,21,36,28,32,47,20,31,30,22,22,25,21,21,14,14,19,18,13,17,-5,16,14,16,15,22,1,21,9,31,35,29,20,54,23,33,27,46,13,21,23,47,56,50,50,50,48,56,66,92,104,115,38,32,12,12,10,63,71,59,49,65,27,37,43,31,24,14,21,21,0,0,0,96,45,185,176,460,456,475,475,916,952]} 1. e4 e6 2. d4 d5 3. Nc3 Bb4 4. e5 Ne7 5. a3 Bxc3+ 6. bxc3 b6 7. Nf3 Ba6 8. Bxa6 Nxa6 9. Qd3 Nb8 10. Bd2 Nbc6 11. c4 dxc4 12. Qxc4 Qd5 13. Qxd5 exd5 14. Ke2 Nd8 15. a4 Ne6 16. a5 Kd7 17. Ra3 h5 18. Rha1 Rab8 19. axb6 axb6 20. Kd3 b5 21. g3 Nc6 22. Rb3 Rb7 23. Bb4 g5 24. c3 g4 25. Nh4 Nxe5+ 26. dxe5 c5 27. Rba3 cxb4 28. cxb4 Rc8 29. Nf5 Rc4 30. Ra6 Rxb4 31. Rd6+ Kc7 32. Rxd5 Rb3+ 33. Ke2 Kc6 34. Rd6+ Kc5 35. Rd2 Rb4 36. Nd6 Rc7 37. Rc1+ Kb6 38. Rxc7 Kxc7 39. Nxf7 Nd4+ 40. Ke3 Nf3 41. Rd3 Rc4 42. e6 Rc6 43. Rd7+ Kb6 44. Rd6 Rxd6 45. Nxd6 1-0

[Event "Vaujany 2023 Principal"]
[Site "Vaujany"]
[Date "2023.07.17"]
[Round "5.7"]
[White "Astolfi, Frederic"]
[Black "Stillger, Bernhardt"]
[Result "1/2-1/2"]
[WhiteElo "2042"]
[BlackElo "2290"]
[PlyCount "90"]
[EventDate "2023.07.13"]
[EventType "swiss"]
[EventRounds "9"]
[EventCountry "FRA"]
[SourceVersionDate "2023.07.13"]

{[%evp 0,90,26,32,19,-16,35,33,75,54,75,47,38,38,42,31,76,44,13,32,71,58,75,74,91,62,52,35,62,59,97,113,159,88,88,-14,163,123,126,163,94,40,42,42,15,18,11,0,0,-4,-4,-1,-2,-70,-85,-72,-27,-20,-30,-25,-12,-46,-47,-33,0,0,-15,-4,0,-30,-37,0,-13,0,2,0,64,75,123,162,134,144,268,75,92,101,90,54,65,52,44,95,93]} 1. d4 Nf6 2. c4 g6 3. Nc3 d5 4. Nf3 Bg7 5. Qb3 dxc4 6. Qxc4 O-O 7. e4 Be6 8. Qd3 c5 9. d5 Bc8 10. Bg5 h6 11. Be3 Nbd7 12. h3 Qc7 13. Nb5 Qb8 14. d6 exd6 15. Nxd6 b5 16. e5 c4 17. Qd2 Nxe5 18. Nxe5 Ne4 19. Nxe4 Qxe5 20. Nc3 b4 21. Ne2 Qxb2 22. Qxb2 Bxb2 23. Rb1 c3 24. Nd4 Bb7 25. f3 Bd5 26. Bc1 Rfe8+ 27. Kf2 Bxa2 28. Rxb2 cxb2 29. Bxb2 Rac8 30. Bd3 Bc4 31. Bc2 b3 32. Be4 f5 33. Bb1 Bf7 34. h4 h5 35. g4 fxg4 36. fxg4 Bd5 37. Rg1 Rf8+ 38. Kg3 Rce8 39. gxh5 Re3+ 40. Kg4 Be4 41. hxg6 Bxb1 42. Rxb1 Re4+ 43. Kg5 Re5+ 44. Kg4 Re4+ 45. Kg5 Re5+ 1/2-1/2

[Event "Vaujany 2023 Principal"]
[Site "Vaujany"]
[Date "2023.07.17"]
[Round "5.9"]
[White "Vallée, Louis"]
[Black "Vidal, Llewellyn"]
[Result "0-1"]
[WhiteElo "2161"]
[BlackElo "2224"]
[PlyCount "86"]
[EventDate "2023.07.13"]
[EventType "swiss"]
[EventRounds "9"]
[EventCountry "FRA"]
[SourceVersionDate "2023.07.13"]

{[%evp 0,86,16,-8,18,18,19,-33,-26,-32,23,5,33,-24,-5,-5,-5,1,1,-11,10,-55,-54,-58,-36,-46,-14,-51,-51,-51,-23,-23,-14,-69,-59,-84,-88,-121,-103,-148,-53,-51,-47,-47,-25,13,-22,-31,-15,-15,-15,-77,-65,-65,-45,-42,-36,-141,-134,-145,-135,-168,-171,-179,-160,-172,-172,-187,-181,-182,-181,-195,-192,-181,-181,-181,-181,-593,-593,-691,-774,-790,-405,-971,-971,-1234,-1228,-1271,-1335]} 1. c4 c5 2. Nf3 Nc6 3. d4 cxd4 4. Nxd4 g6 5. e4 Bg7 6. Nc2 Nf6 7. Nc3 O-O 8. Be2 d6 9. O-O Be6 10. b3 Nd7 11. Bb2 Nc5 12. f3 a5 13. Qd2 a4 14. b4 a3 15. Bxa3 Na4 16. Nxa4 Bxa1 17. Rxa1 Rxa4 18. Qc3 Qb6+ 19. Kh1 Rfa8 20. Bb2 f6 21. a3 Rc8 22. Ne3 Ne5 23. f4 Nxc4 24. Nxc4 Qa6 25. b5 Qa7 26. e5 Raxc4 27. Bxc4 Rxc4 28. Qd3 Qf2 29. Bc3 Qc5 30. Rc1 Qxa3 31. Qd2 fxe5 32. fxe5 d5 33. b6 Qc5 34. h3 Qxb6 35. Ra1 Qc5 36. Ra8+ Kg7 37. Bb2 b5 38. Qe2 Rc2 39. Qf3 Rf2 40. Qa3 b4 41. Qa1 Qc4 42. Kh2 Qf4+ 43. Kh1 Rf1+ 0-1

[Event "Vaujany 2023 Principal"]
[Site "Vaujany"]
[Date "2023.07.17"]
[Round "5.13"]
[White "Anwesh, Upadhyaya"]
[Black "Rebut, Paul"]
[Result "1-0"]
[WhiteElo "2356"]
[BlackElo "1973"]
[PlyCount "59"]
[EventDate "2023.07.13"]
[EventType "swiss"]
[EventRounds "9"]
[EventCountry "FRA"]
[SourceVersionDate "2023.07.13"]

{[%evp 0,59,8,28,27,-22,53,35,33,24,32,3,8,-1,18,7,14,-44,42,54,39,34,55,43,50,-1,10,7,23,7,18,-8,-3,20,40,16,16,4,3,16,6,-6,47,0,8,-8,101,34,74,52,18,18,317,98,137,137,201,194,194,356,29993,29994]} 1. d4 Nf6 2. c4 g6 3. Nc3 Bg7 4. e4 d6 5. f3 O-O 6. Bg5 c5 7. d5 a6 8. a4 e6 9. Qd2 exd5 10. cxd5 Re8 11. Nge2 Qa5 12. Ra3 Nbd7 13. Ng3 h5 14. Be2 Nh7 15. Be3 Ne5 16. O-O Qc7 17. f4 Ng4 18. Bxg4 Bxg4 19. e5 b6 20. a5 dxe5 21. axb6 Qxb6 22. f5 e4 23. h3 h4 24. hxg4 hxg3 25. d6 Nf6 26. g5 Ng4 27. fxg6 fxg6 28. Qd5+ Kh7 29. Rf4 Bxc3 30. Qf7+ 1-0

[Event "Vaujany 2023 Principal"]
[Site "?"]
[Date "2023.07.17"]
[Round "5.17"]
[White "Juhasz, Judit"]
[Black "Feher, Tamas"]
[Result "0-1"]
[WhiteElo "1935"]
[BlackElo "2113"]
[PlyCount "88"]
[SourceVersionDate "2023.07.13"]

{[%evp 0,88,17,18,41,40,80,67,76,46,46,37,91,63,62,20,32,13,20,4,16,-21,-27,-49,-55,-68,-30,-3,-8,-7,7,3,4,4,-20,-11,-11,-24,-15,-29,9,-8,-8,-8,-4,-4,-2,-21,-3,-24,-22,-28,-21,-35,-17,-3,2,-12,-12,-33,2,5,-8,-8,43,48,63,50,61,41,60,55,75,64,352,311,311,296,543,233,213,0,0,0,200,-183,-961,-29989,-29990,-29991,-29992]} 1. e4 c5 2. Nf3 d6 3. d4 cxd4 4. Nxd4 Nf6 5. Nc3 g6 6. Be3 Bg7 7. Qd2 Ng4 8. Bg5 h6 9. Bh4 Nc6 10. Bb5 Bd7 11. Nde2 a6 12. Bd3 b5 13. h3 Nge5 14. f4 Nc4 15. Bxc4 bxc4 16. Bf2 O-O 17. O-O Rb8 18. b3 Qa5 19. Rad1 Be6 20. Nd4 Rfc8 21. Nxc6 Rxc6 22. Nd5 Qd8 23. Nb4 Rcc8 24. Nd5 Bxd5 25. exd5 Qd7 26. Bh4 a5 27. Qe1 Bf6 28. Bxf6 exf6 29. Rf3 h5 30. f5 g5 31. Qxa5 cxb3 32. cxb3 Rc5 33. Qd2 Rbc8 34. Rf2 Qb7 35. h4 g4 36. Qh6 Rc2 37. Rxc2 Rxc2 38. Re1 Qa7+ 39. Kh1 Rc8 40. Qxh5 Qd4 41. Qh6 Qf2 42. Rg1 g3 43. a4 Re8 44. Qc1 Re4 0-1

[Event "Vaujany 2023 Principal"]
[Site "?"]
[Date "2023.07.16"]
[Round "5.19"]
[White "Feher, Botond"]
[Black "Milanovic, Dino"]
[Result "0-1"]
[WhiteElo "1931"]
[BlackElo "2075"]
[PlyCount "64"]
[SourceVersionDate "2023.07.13"]

{[%evp 0,64,15,36,83,21,11,32,56,32,15,-8,55,32,41,36,40,34,50,53,76,72,97,85,108,92,86,73,95,109,121,136,119,114,114,78,183,189,201,197,197,224,254,241,262,249,317,304,293,237,379,396,396,396,337,344,421,427,386,386,390,88,138,-29997,-29998,-29999,-30000]} 1. e4 c6 2. c4 d5 3. cxd5 cxd5 4. exd5 Nf6 5. Nc3 g6 6. Bc4 Bg7 7. Nf3 O-O 8. O-O Nbd7 9. d3 a6 10. a4 b6 11. Bf4 Nh5 12. Bg5 h6 13. Be3 Ndf6 14. Qb3 Rb8 15. Ne5 Qd6 16. f4 g5 17. Qa3 Qc7 18. Nc6 Ng4 19. Qxe7 Qxe7 20. Nxe7+ Kh8 21. Bd2 Bd4+ 22. Kh1 Bd7 23. fxg5 hxg5 24. Ne4 f6 25. Ng6+ Kg7 26. Nxf8 Rxf8 27. Bc3 Be3 28. Rae1 b5 29. axb5 axb5 30. Bb4 Rh8 31. Bb3 Ng3+ 32. Nxg3 Rxh2# 0-1

[Event "Vaujany 2023 Principal"]
[Site "Vaujany"]
[Date "2023.07.19"]
[Round "6.1"]
[White "Hamdouchi, Hicham"]
[Black "Gusain, Himal"]
[Result "1-0"]
[WhiteElo "2521"]
[BlackElo "2399"]
[Annotator "isham"]
[PlyCount "67"]
[EventDate "2023.07.13"]
[EventType "swiss"]
[EventRounds "9"]
[EventCountry "FRA"]
[SourceVersionDate "2023.07.13"]

{[%evp 0,67,25,16,42,29,26,8,-9,2,5,5,16,-24,6,-38,73,68,62,62,47,56,35,38,20,22,41,17,39,36,44,18,26,23,28,28,32,33,41,43,42,34,51,54,49,47,67,39,75,78,73,66,65,39,65,21,21,17,69,29,30,38,33,25,78,70,317,332,535,570]} 1. e4 e6 2. d4 d5 3. e5 c5 4. c3 Qb6 5. Nf3 Bd7 6. Bd3 cxd4 7. O-O Bb5 8. Bxb5+ Qxb5 9. Nxd4 Qd7 10. Nd2 Ne7 11. Qg4 Nbc6 12. N2f3 Nxd4 13. Nxd4 h5 14. Qe2 Nc6 15. Nf3 Be7 16. Rd1 Qc7 17. Bf4 O-O-O 18. h4 Rd7 19. g3 Kb8 20. Rac1 Rhd8 21. b4 g6 22. a4 Ka8 23. Kg2 a6 24. Be3 Rc8 25. Rb1 Nb8 26. Bd4 Nc6 27. b5 Nxd4 28. cxd4 Qc4 29. Rdc1 Qxc1 (29... Qxe2 30. Rxc8+ Ka7 31. b6#) 30. Rxc1 Rxc1 31. bxa6 Rc4 32. Nd2 Rb4 33. Qf3 Rxd4 34. Qc3 1-0

[Event "Vaujany 2023 Principal"]
[Site "?"]
[Date "2023.07.18"]
[Round "6.2"]
[White "Degraeve, Jean-Marc"]
[Black "Degraeve, Remy"]
[Result "1-0"]
[WhiteElo "2466"]
[BlackElo "2467"]
[PlyCount "69"]
[SourceVersionDate "2023.07.13"]

1. e4 e5 2. Nf3 Nc6 3. Nc3 Nf6 4. d4 exd4 5. Nxd4 Bb4 6. Nxc6 bxc6 7. Bd3 O-O 8. O-O Re8 9. Re1 d6 10. a3 Bxc3 11. bxc3 Nd7 12. Qf3 Rb8 13. Qg3 Qf6 14. Bd2 c5 15. Rab1 Rxb1 16. Rxb1 Nb6 17. f3 Bd7 18. Qg5 Qe6 19. Qh4 Qa2 20. Qe1 c4 21. Bf1 Qxc2 22. Be3 d5 23. Bd4 Bf5 24. Rb5 c6 25. Ra5 Bg6 26. Rxa7 Na4 27. exd5 f6 28. Qg3 Rf8 29. Qc7 Bf7 30. dxc6 Qd1 31. Qd7 Nb2 32. Ra8 Nd3 33. Rxf8+ Kxf8 34. Qd8+ Be8 35. c7 1-0

[Event "Vaujany 2023 Principal"]
[Site "?"]
[Date "2023.07.18"]
[Round "6.4"]
[White "Szabolcsi, Janos"]
[Black "Neelotpal, Das"]
[Result "1/2-1/2"]
[WhiteElo "2191"]
[BlackElo "2362"]
[PlyCount "116"]
[SourceVersionDate "2023.07.13"]

1. d4 Nf6 2. Nf3 e6 3. c4 Bb4+ 4. Nbd2 d5 5. e3 O-O 6. a3 Be7 7. Bd3 c5 8. dxc5 a5 9. O-O Na6 10. b4 b6 11. Nd4 bxc5 12. Nc6 Qc7 13. Nxe7+ Qxe7 14. b5 Nb8 15. Bb2 Bb7 16. Qc2 Nbd7 17. Rac1 Rfc8 18. Rfe1 h6 19. a4 Qd6 20. h3 Ne5 21. Bf1 Nfd7 22. Rcd1 Qe7 23. f4 Ng6 24. Nf3 Nb6 25. cxd5 Nxd5 26. Nd2 Nb6 27. Nc4 Nxc4 28. Bxc4 Nf8 29. Qc3 f6 30. f5 Kh8 31. e4 e5 32. Ba3 Rd8 33. Rxd8 Qxd8 34. Bd5 Bxd5 35. Rd1 Nd7 36. Rxd5 Qc7 37. Qd2 Ra7 38. Rd6 Kh7 39. Rc6 Qb8 40. Kh2 Qb7 41. Qc2 Ra8 42. Bxc5 Nxc5 43. Rxc5 Qb6 44. Rc7 Qe3 45. Rc3 Qf4+ 46. Kg1 Rd8 47. g3 Qg5 48. Qc1 Qh5 49. g4 Qe8 50. Qc2 Qd7 51. Kg2 Qd4 52. Rc7 h5 53. gxh5 Qe3 54. Rxg7+ Kh6 55. Rh7+ Kxh7 56. Qc7+ Kh6 57. Qxd8 Qe2+ 58. Kg3 Qe3+ 1/2-1/2

[Event "Vaujany 2023 Principal"]
[Site "Vaujany"]
[Date "2023.07.18"]
[Round "6.5"]
[White "Trabet, Mathis"]
[Black "Olivier, Jean-Christophe"]
[Result "1-0"]
[WhiteElo "2187"]
[BlackElo "2304"]
[PlyCount "71"]
[EventDate "2023.07.13"]
[EventType "swiss"]
[EventRounds "9"]
[EventCountry "FRA"]
[SourceVersionDate "2023.07.13"]

{[%evp 0,71,18,14,23,23,19,-31,13,-8,1,43,16,44,24,-13,5,27,23,13,8,8,37,37,28,23,38,54,75,2,15,18,36,8,86,83,68,89,89,108,106,136,120,141,127,91,164,154,169,177,168,195,171,182,213,182,243,260,338,345,362,366,415,471,471,471,488,337,381,437,442,435,513,456]} 1. e4 e5 2. Nf3 Nc6 3. d4 exd4 4. Nxd4 Bc5 5. Be3 Qf6 6. c3 Nge7 7. g3 d5 8. Bg2 Bxd4 9. cxd4 dxe4 10. Nc3 O-O 11. Nxe4 Qg6 12. O-O Bf5 13. Nc3 Rad8 14. Qa4 Nc8 15. d5 Ne5 16. Ne2 Nb6 17. Qxa7 Nxd5 18. Nf4 Nxf4 19. Bxf4 Be4 20. f3 Nc6 21. Qxb7 Bd3 22. Rf2 Bb1 23. Bxc7 Rd7 24. Qb6 Rc8 25. Bf4 Qf5 26. Rf1 Bd3 27. Rfc1 Qd5 28. Rc3 g5 29. Be3 Bf5 30. Rac1 Rdc7 31. f4 Be4 32. Rc5 Qd3 33. Qb3 Qxb3 34. axb3 Bxg2 35. Kxg2 Re7 36. Bf2 1-0

[Event "Vaujany 2023 Principal"]
[Site "Vaujany"]
[Date "2023.07.18"]
[Round "6.6"]
[White "Adrian, Lepòld"]
[Black "Estremera Panos, Sergio"]
[Result "1-0"]
[WhiteElo "2129"]
[BlackElo "2275"]
[PlyCount "116"]
[EventDate "2023.07.13"]
[EventType "swiss"]
[EventRounds "9"]
[EventCountry "FRA"]
[SourceVersionDate "2023.07.13"]

{[%evp 0,72,29,29,11,13,-3,-19,-21,-17,8,6,30,26,20,11,-5,-44,-46,-43,-39,-57,-45,-38,-64,-87,-69,-104,-92,-71,-87,-90,-38,-56,-62,-57,-38,-59,-75,-75,-43,-76,-23,-32,-24,-85,17,19,22,44,54,53,94,133,143,124,105,132,131,132,138,141,169,150,150,127,130,90,110,128,161,154,151,127,145]} 1. Nf3 Nf6 2. c4 e6 3. g3 d5 4. d4 Bb4+ 5. Bd2 a5 6. Bg2 O-O 7. O-O dxc4 8. a4 Nc6 9. e3 e5 10. dxe5 Ng4 11. Qc2 Ngxe5 12. Nxe5 Nxe5 13. Bxb4 axb4 14. Nd2 Qd3 15. Qxd3 cxd3 16. f4 Ng4 17. Rfe1 Rd8 18. b3 c6 19. e4 f5 20. e5 Be6 21. h3 Nh6 22. Kf2 Kf8 23. a5 Ra6 24. Ra4 Rd7 25. Rea1 c5 26. Rc1 Rc7 27. Rxb4 Rxa5 28. Rxb7 Rxb7 29. Bxb7 Ra2 30. Ke3 Rc2 31. Rb1 Rc3 32. Ba6 Ng8 33. Bxd3 Ne7 34. Nc4 Bxc4 35. bxc4 Nc6 36. Kd2 Ra3 37. Bxf5 Rxg3 38. Rb5 Nd4 39. Rb8+ Ke7 40. Rb7+ Kf8 41. Bg4 h5 42. Bxh5 Rxh3 43. Rb8+ Ke7 44. Re8+ Kd7 45. Bg4+ Kxe8 46. Bxh3 g5 47. Ke3 Nc2+ 48. Ke4 gxf4 49. Kxf4 Ke7 50. Ke4 Nb4 51. Bf5 Kf7 52. Bd7 Ke7 53. e6 Kd6 54. Kf5 Nd3 55. Bc8 Nf2 56. Kf6 Ng4+ 57. Kf7 Ne5+ 58. Ke8 Nc6 1-0

[Event "Vaujany 2023 Principal"]
[Site "Vaujany"]
[Date "2023.07.18"]
[Round "6.7"]
[White "Calzetta Ruiz, Monica"]
[Black "Buzas, Bertalan"]
[Result "1-0"]
[WhiteElo "2164"]
[BlackElo "2260"]
[Annotator "MCR"]
[PlyCount "65"]
[EventDate "2023.07.13"]
[EventType "swiss"]
[EventRounds "9"]
[EventCountry "FRA"]
[SourceVersionDate "2023.07.13"]

{[%evp 0,65,18,41,40,43,53,43,42,13,79,74,55,17,21,18,10,11,17,0,2,-25,-12,22,17,-22,-13,-13,-3,-1,25,11,22,22,33,24,37,39,39,2,2,-7,3,0,0,0,0,43,86,103,103,123,162,217,171,253,287,365,761,789,789,849,988,1001,1077,1070,29991,29992]} 1. e4 c5 2. Nf3 Nc6 3. d4 cxd4 4. Nxd4 g6 5. Nc3 Bg7 6. Nb3 Nf6 7. Be2 O-O 8. O-O d6 9. Re1 Be6 10. Bf1 d5 11. Nc5 d4 12. Nxe6 fxe6 13. Nb1 e5 14. Nd2 a6 15. a4 Rc8 16. Nf3 Qd6 17. b3 Nh5 18. Bc4+ Kh8 19. a5 h6 20. Ra2 Nd8 21. c3 Nc6 (21... dxc3 $142 22. Qc2 Rxf3 23. gxf3 Nc6 24. Qxc3) 22. cxd4 exd4 23. e5 Nxe5 24. Nxe5 Bxe5 25. g3 Kg7 26. Rae2 Bf6 27. Re6 Qc7 (27... Qc5 28. g4 Bh4 29. gxh5 Bxf2+ 30. Kg2 Bxe1 31. Rxg6+ Kh7 32. Rxh6+ Kg7 33. Qg4+) 28. Qd2 Bg5 (28... Rh8 29. g4) 29. Qxd4+ Bf6 30. Rxe7+ Kh8 31. Qd2 Qxe7 32. Rxe7 Bg5 33. Bb2+ 1-0

[Event "Vaujany 2023 Principal"]
[Site "Vaujany"]
[Date "2023.07.18"]
[Round "6.9"]
[White "Anwesh, Upadhyaya"]
[Black "Astolfi, Frederic"]
[Result "1-0"]
[WhiteElo "2356"]
[BlackElo "2042"]
[PlyCount "97"]
[EventDate "2023.07.13"]
[EventType "swiss"]
[EventRounds "9"]
[EventCountry "FRA"]
[SourceVersionDate "2023.07.13"]

{[%evp 0,97,18,-6,43,27,42,42,48,42,55,25,35,11,8,9,16,14,30,31,47,46,51,53,44,39,35,15,26,29,55,62,53,44,51,57,74,78,67,63,101,101,92,115,162,161,168,175,166,173,161,155,160,157,167,164,164,175,190,162,202,164,173,164,241,221,309,235,238,259,252,248,308,192,203,202,202,199,199,204,207,208,204,206,254,234,311,344,342,302,300,303,304,278,29989,29986,29987,719,767,783]} 1. c4 c6 2. Nf3 Nf6 3. Nc3 d5 4. e3 a6 5. b3 Bf5 6. Be2 e6 7. Nh4 Bg6 8. Bb2 Be7 9. O-O O-O 10. Nxg6 hxg6 11. d4 Nbd7 12. Qc2 b5 13. a4 bxc4 14. bxc4 c5 15. dxc5 dxc4 16. Rfd1 Qa5 17. Ne4 Nxc5 18. Nxc5 Bxc5 19. Bxc4 Bb4 20. Bxf6 gxf6 21. Bxe6 Qh5 22. Bc4 a5 23. Rd7 Rae8 24. Rad1 f5 25. g3 Qh7 26. h4 Re7 27. Rxe7 Bxe7 28. Rd7 Bb4 29. Kg2 Qh5 30. Qb3 Qh7 31. Qd3 Qg7 32. h5 Kh7 33. Bb3 Kh6 34. hxg6 Qxg6 35. Rd5 f4 36. Qxg6+ Kxg6 37. gxf4 f6 38. Rd7 Rc8 39. Bf7+ Kg7 40. Be6+ Kh8 41. Kf3 Rc2 42. Kg4 f5+ 43. Kxf5 Rxf2 44. Bd5 Rf1 45. Kf6 Bc3+ 46. Kf7 Bg7 47. Rd8+ Kh7 48. Be4+ Kh6 49. Rd6+ 1-0

[Event "Vaujany 2023 Principal"]
[Site "?"]
[Date "2023.07.18"]
[Round "6.15"]
[White "Frelau, Matthias"]
[Black "Vallee, Louis"]
[Result "0-1"]
[WhiteElo "1979"]
[BlackElo "2161"]
[PlyCount "74"]
[SourceVersionDate "2023.07.13"]

1. d4 d5 2. Bf4 Nf6 3. e3 c5 4. c3 Nc6 5. Nd2 Bf5 6. Qb3 Qc8 7. Ngf3 c4 8. Qd1 h6 9. Ne5 e6 10. b3 Ba3 11. f3 Bb2 12. e4 Bxa1 13. Qxa1 dxe4 14. Nexc4 O-O 15. Nd6 Qd7 16. fxe4 Nh5 17. Be5 f6 18. exf5 fxe5 19. N2c4 exd4 20. Qd1 Nf4 21. g3 Nd5 22. cxd4 exf5 23. Bh3 Qe7+ 24. Kf2 f4 25. Qg4 Nxd4 26. Rd1 fxg3+ 27. Kxg3 Ne2+ 28. Kg2 Ndf4+ 29. Kh1 Rad8 30. a4 Rf6 31. Rf1 Rdxd6 32. Nxd6 Qxd6 33. Bg2 Nxg2 34. Qc8+ Kh7 35. Qc2+ Rg6 36. Qxe2 Qc6 37. a5 Ne1+ 0-1

[Event "Vaujany 2023 Principal"]
[Site "?"]
[Date "2023.07.18"]
[Round "6.21"]
[White "Midoux, Sebastien"]
[Black "Fehér, Botond"]
[Result "1-0"]
[WhiteElo "2131"]
[BlackElo "1931"]
[PlyCount "93"]
[SourceVersionDate "2023.07.13"]

{[%evp 0,93,9,3,30,-5,-9,-14,0,-18,0,3,10,-2,0,-3,20,21,24,23,25,32,27,16,29,-1,9,-6,19,-2,15,11,31,30,29,20,-8,-5,-35,-3,-3,-35,72,65,64,37,35,24,27,35,47,0,-8,0,0,-30,56,58,58,36,42,53,81,81,81,35,31,57,75,85,87,82,85,86,97,81,96,69,103,77,99,79,114,158,170,111,144,113,368,407,408,447,447,438,1303,1345]} 1. c4 c5 2. b3 Nc6 3. Bb2 e5 4. g3 d6 5. Bg2 g6 6. e3 Bg7 7. Ne2 Nge7 8. Nbc3 O-O 9. d3 Rb8 10. O-O Be6 11. Nd5 b5 12. Nxe7+ Nxe7 13. Qd2 d5 14. cxd5 Bxd5 15. e4 Ba8 16. Rac1 Qd6 17. Qe3 Rbc8 18. b4 cxb4 19. Qxa7 Rxc1 20. Rxc1 Bh6 21. Qc5 Qe6 22. Ra1 Nc6 23. Qxb5 Rb8 24. Qc5 Rd8 25. Qc2 Bb7 26. Bc1 Bxc1 27. Rxc1 Nd4 28. Nxd4 Rxd4 29. Bf1 Ba6 30. Qc7 Qd6 31. Qxd6 Rxd6 32. Rb1 Rd4 33. Rb3 f5 34. f3 fxe4 35. fxe4 Kf7 36. Kf2 Ke7 37. Ke3 Kd6 38. h4 h6 39. Be2 Kc5 40. Rb1 Kd6 41. h5 Kc5 42. Rf1 Rd6 43. Rf7 Bc8 44. Rc7+ Rc6 45. Rxc6+ Kxc6 46. hxg6 Bd7 47. Bd1 1-0

[Event "Vaujany 2023 Principal"]
[Site "Vaujany"]
[Date "2023.07.19"]
[Round "7.1"]
[White "Degraeve, Jean Marc"]
[Black "Hamdouchi, Hicham"]
[Result "1/2-1/2"]
[WhiteElo "2466"]
[BlackElo "2521"]
[Annotator "famil"]
[PlyCount "85"]
[EventDate "2023.07.13"]
[EventType "swiss"]
[EventRounds "9"]
[EventCountry "FRA"]
[SourceVersionDate "2023.07.13"]

{[%evp 0,85,25,16,58,13,-10,-23,-6,-17,12,3,14,43,63,47,36,8,16,23,23,23,44,23,22,31,21,17,10,10,17,-2,0,2,-5,0,16,0,0,0,2,2,1,0,0,-4,0,-9,-10,-9,-12,-35,-38,-26,-21,-28,-14,-17,-21,-40,-22,-23,-14,-17,-19,-21,-22,-16,-14,-14,-14,-15,-2,-10,0,0,0,0,0,0,0,0,0,0,0,0,0,0]} 1. e4 c5 2. c3 d5 3. exd5 Qxd5 4. d4 Nf6 5. Nf3 e6 6. Na3 Qd8 7. Nc2 Nc6 8. Bd3 cxd4 9. Ncxd4 Nxd4 10. Nxd4 Bc5 11. Be3 Bb6 12. O-O O-O 13. Bc2 e5 14. Nf3 Bxe3 15. Qxd8 Rxd8 16. fxe3 Re8 17. Ng5 h6 18. Ne4 Nxe4 19. Bxe4 Be6 20. b3 Rac8 21. c4 b6 22. Rfd1 Red8 23. Rac1 f5 24. Bb7 Rb8 25. Ba6 Kf7 26. Kf2 Ke7 27. Ke1 Rd6 28. Rxd6 Kxd6 29. b4 Kc7 30. a3 Bd7 31. Bb5 Rd8 32. Bxd7 Rxd7 33. Rd1 Rxd1+ 34. Kxd1 Kd6 35. Ke2 a6 36. h4 h5 37. Kd3 Kc6 38. Kc3 Kd6 39. Kb3 Kc6 40. Ka4 Kd6 41. Kb3 (41. g3 g6 42. Kb3 Kc6) 41... Kc6 42. Ka4 Kd6 43. Kb3 1/2-1/2

[Event "Vaujany 2023 Principal"]
[Site "Vaujany"]
[Date "2023.07.19"]
[Round "7.2"]
[White "Gusain, Himal"]
[Black "Trabet, Mathis"]
[Result "1-0"]
[WhiteElo "2399"]
[BlackElo "2187"]
[Annotator "ASUS"]
[PlyCount "67"]
[EventDate "2023.07.13"]
[EventType "swiss"]
[EventRounds "9"]
[EventCountry "FRA"]
[SourceVersionDate "2023.07.13"]

{[%evp 0,67,26,26,44,48,48,46,23,31,31,31,89,90,75,61,65,53,55,-16,-7,0,-22,-22,-16,-21,-21,-24,21,-12,11,33,19,36,29,24,59,78,74,75,80,69,73,38,56,62,72,54,57,55,83,88,79,81,106,96,99,110,110,118,93,120,201,50,114,99,270,294,29999,-30000]} 1. e4 c5 2. Nf3 e6 3. d4 cxd4 4. Nxd4 Nc6 5. Nc3 Qc7 6. Be3 a6 7. g4 b5 8. Nxc6 Qxc6 9. Qd2 b4 10. Ne2 Qxe4 11. Rg1 Qb7 12. Bg2 d5 13. O-O-O Be7 14. f4 Nf6 15. g5 Ne4 16. Bxe4 dxe4 17. Ng3 Qd5 18. Qxd5 exd5 19. Rxd5 Bb7 20. Rd2 Rd8 21. Rxd8+ Kxd8 22. Nf5 Bf8 23. Rd1+ Kc7 24. Bd4 Rg8 25. Be5+ Kc8 26. Rd4 f6 27. Rc4+ Kd8 28. gxf6 gxf6 29. Bxf6+ Kd7 30. Be5 Ke6 31. Ng3 h5 32. Rc7 h4 33. Ne2 Bd5 34. Nd4# 1-0

[Event "Vaujany 2023 Principal"]
[Site "Vaujany"]
[Date "2023.07.19"]
[Round "7.3"]
[White "Calzetta Ruiz, Monica"]
[Black "Vidal, Llewellyn"]
[Result "1-0"]
[WhiteElo "2164"]
[BlackElo "2224"]
[Annotator "MCR"]
[PlyCount "63"]
[EventDate "2023.07.13"]
[EventType "swiss"]
[EventRounds "9"]
[EventCountry "FRA"]
[SourceVersionDate "2023.07.13"]

{[%evp 0,63,27,18,50,45,58,63,80,80,67,67,57,52,52,16,17,-2,-10,6,-2,3,1,2,19,-12,-12,-24,-16,-33,-32,-32,151,129,129,129,163,163,112,84,-65,47,4,0,23,77,0,0,0,0,16,0,0,-50,-30,-28,-120,-99,-53,-87,-93,-93,-29,-47,353,431]} 1. e4 c5 2. Nf3 Nc6 3. Nc3 g6 4. d4 cxd4 5. Nxd4 Bg7 6. Be3 Nf6 7. Nb3 O-O 8. Qd2 d6 9. f3 Be6 10. O-O-O a6 11. Kb1 b5 12. Bh6 Bxh6 13. Qxh6 Qb6 14. h4 Rfc8 15. h5 a5 16. hxg6 fxg6 17. Bxb5 (17. g4 $18) 17... a4 18. Bxa4 Ne5 19. Rd4 (19. Nd4 Bxa2+) 19... Rxc3 $1 20. bxc3 Nc4 21. Bd7 Na3+ 22. Kc1 Bxd7 23. e5 dxe5 24. Rxd7 Kf7 (24... Qe6 25. Rb7) 25. Rd3 Nxc2 26. Kb2 (26. Rd2) 26... Qa6 (26... Na3 $142) 27. Nc1 Na3 28. Rh4 Nc4+ 29. Rxc4 Qxc4 30. Qd2 Ne8 31. Rd7 Nd6 32. Qxd6 1-0

[Event "Vaujany 2023 Principal"]
[Site "Vaujany"]
[Date "2023.07.19"]
[Round "7.4"]
[White "Neelotpal, Das"]
[Black "Adrian, Leopold"]
[Result "1-0"]
[WhiteElo "2362"]
[BlackElo "2129"]
[PlyCount "55"]
[EventDate "2023.07.13"]
[EventType "swiss"]
[EventRounds "9"]
[EventCountry "FRA"]
[SourceVersionDate "2023.07.13"]

{[%evp 0,55,25,35,27,22,53,56,44,39,38,20,8,8,10,28,22,40,38,-2,48,42,47,64,84,46,54,42,75,22,38,53,52,49,78,46,66,68,68,68,56,36,33,48,27,34,33,42,46,32,63,21,96,110,83,61,173,226]} 1. d4 d5 2. Nf3 c5 3. c4 e6 4. cxd5 exd5 5. g3 Nf6 6. Bg2 Be7 7. O-O O-O 8. dxc5 Bxc5 9. a3 a5 10. Qc2 Ba7 11. Nc3 Be6 12. Bg5 Nbd7 13. Rad1 Qc8 14. Qb1 h6 15. Bf4 Qc4 16. e3 Rfd8 17. Rfe1 Rac8 18. Bf1 Qc5 19. Rc1 Bb8 20. Bxb8 Nxb8 21. Nd4 Qe7 22. Bg2 Nc6 23. Nce2 Bg4 24. Qd3 Ne5 25. Qb3 Nc4 26. Nf4 Be6 27. Rc2 Rc5 28. e4 1-0